Normal view
MARC view
- Izza Rasul
Entry Personal Name
001 - CONTROL NUMBER
- control field: 70101
003 - CONTROL NUMBER IDENTIFIER
- control field: NUST
005 - DATE AND TIME OF LATEST TRANSACTION
- control field: 20210628204354.0
008 - FIXED-LENGTH DATA ELEMENTS
- fixed length control field: 210628|| aca||aabn | a|a d
040 ## - CATALOGING SOURCE
- Original cataloging agency: NUST
- Transcribing agency: NUST
100 ## - HEADING--PERSONAL NAME
- Personal name: Izza Rasul
670 ## - SOURCE DATA FOUND
- Source citation: Work cat.: (NUST): Izza Rasul, TH-SOF-1250-State Feedback Control and State Estimation of Quadrotor UAV through Linear Matrix Inequality and Convex Optimization Approach, 2016
